00325nam a2200121Ia 4500008004100000040001600041041001200057082001600069100001600085245006700101260002400168300001100192230917s9999||||xx |||||||||||||| ||und|| e41011aMAIN aEnglish a813.09 S23I aSharma, R K 0aIsolation and protest: A case study of J P Donaleavy's fiction aDelhibAjantac1983 a182 p.